Sports Quiz

Random Sports or NCAA Quiz
Score 0/130 Timer 20:00
14 Plays Today
% Correct
Hawaii
94.2%
Oklahoma
93.9%
Oregon State
92.9%
Minnesota
91.5%
Colorado
91.1%
Oregon
89%
Alabama
88.4%
Kansas State
86.3%
Miami
85.7%
West Virginia
85.6%
Mississippi State
85%
New Mexico State
84.8%
Arizona State
84.4%
Syracuse
84.1%
Missouri
83.5%
Iowa State
83.1%
Oklahoma State
82.8%
Colorado St
82.6%
Kentucky
82.1%
Kansas
81.7%
Boise St
81.5%
Ohio St
81.3%
Arkansas
81.3%
Boston College
81.2%
Michigan State
80.8%
Mississippi
80.5%
Florida State
80.4%
Texas Tech
80.3%
Wisconsin
80.2%
South Carolina
80.2%
Maryland
80.2%
North Carolina
80.1%
Texas A&M
79.6%
Nebraska
79.6%
Texas
79.4%
Georgia
79.4%
Florida
79.4%
UNLV
79.2%
Penn State
79.1%
New Mexico
78.8%
Utah State
78.7%
Indiana
78.6%
UCLA
78.5%
Washington
78.5%
% Correct
Notre Dame
78.5%
Louisville
78.3%
Michigan
78%
Brigham Young
77.9%
Pittsburgh
77.7%
Illinois
77.6%
USC
77.4%
Utah
77.4%
Arizona
77.2%
Wyoming
77.1%
Iowa
76.8%
Auburn
76.7%
Washington State
76.7%
Rutgers
76.7%
Tennessee
76.4%
UCF
76.3%
LSU
75%
TCU
74.4%
Virginia Tech
73.6%
Nevada
73.5%
Georgia Tech
73.5%
Stanford
73.4%
Buffalo
72.9%
Baylor
71.7%
Memphis
71.7%
California
70.8%
Liberty
70.8%
Northwestern
70.3%
Vanderbilt
70.1%
Connecticut
70.1%
Western Michigan
69.6%
San Diego State
69%
NCST
69%
Purdue
68.9%
UMass
67.6%
Duke
67.4%
Eastern Michigan
67.4%
Virginia
66.1%
South Florida
65.7%
Clemson
64.7%
Air Force
64.3%
UTEP
62.4%
Houston
61.8%
Tulsa
61.5%
% Correct
FIU
61.5%
Arkansas State
61.2%
Central Michigan
60.9%
Georgia State
60.3%
Northern Illinois
59.4%
Cincinnati
59.3%
East Carolina
58.9%
Southern Miss
58.8%
Wake Forest
58.4%
FAU
56.8%
Army
56.4%
Tulane
56.4%
Fresno State
55.9%
UL Lafayette
55.8%
Temple
55.7%
Ohio
54.3%
SMU
54%
Western Kentucky
54%
San Jose State
53.6%
Louisiana-Monroe
53.6%
Kent State
53%
Akron
53%
MTSU
52.7%
Louisiana Tech
52.5%
Ball State
51.8%
Bowling Green
50.8%
Toledo
50.7%
Texas State
50.4%
Navy
50.1%
Rice
50.1%
Marshall
48.9%
Troy
48.3%
North Texas
48.3%
Georgia Southern
48.3%
Miami
47.7%
UTSA
47.2%
South Alabama
44.9%
UAB
42.9%
Appalachian State
36.6%
Coastal Carolina
36.4%
Old Dominion
36%
UNC Charlotte
35.3%
Come Together.
Have Fun.
All Virtual.
We all need to come together. Play Sporcle's virtual live trivia to have fun, connect with people, and get your trivia on. Join a live hosted trivia game for your favorite pub trivia experience done virtually. If a virtual private party is more your thing, go here for details.

You're not logged in!

Compare scores with friends on all Sporcle quizzes.
OR
Log In

Sporcle TV

Today on Sporcle TV


Watch our educational content, quiz creation guides, and fun videos on Sporcle TV.

Show Comments

Extras

Top Quizzes Today


Score Distribution

Paid Content

Your Account Isn't Verified!

In order to create a playlist on Sporcle, you need to verify the email address you used during registration. Go to your Sporcle Settings to finish the process.

Report this User

Report this user for behavior that violates our Community Guidelines.

Details: